000 00872nam a22002297a 4500
999 _c854
_d854
001 002146
003 CoMeUDC002146
005 20190117201638.0
008 040225s2003 ck fr 000 0 spa d
020 _a9583357081
040 _aCO-BoUEX
_cCoMeUDC
092 0 4 _a340.1
_bA837d
110 2 0 _aAsociación Colombiana de Corredores de Seguros
245 0 _aDoctrina y jurisprudencia de seguros 2000
260 _aBogotá :
_bACOAS,
_c2000.
300 _a238 p. ;
_c28 cm.
505 _aActividad aseguradora. Contrato de seguros. Intermediarios de seguros. Seguro de cumplimiento. Seguro de automóviles. Seguro de vida. Seguro de incendio y terremoto. Seguridad social. Superintendencia bancaria.
650 4 _aSEGUROS
_zCOLOMBIA
_xJURISPRUDENCIA
650 0 _aConceptualización.
_xFilisofía.
_91152
650 0 _aDoctrina.
_xAdoctrinamiento.
_91151
942 _2ddc
_cBK